[Event "Dortmund Sparkassen op-A 51st"]
[Site "Dortmund"]
[Date "2024.08.18"]
[Round "9"]
[White "Menzel, Maximilian"]
[Black "Stork, Simon"]
[Result "0-1"]
[WhiteElo "2164"]
[BlackElo "2055"]
[PlyCount "76"]
[EventDate "2024.08.10"]
[EventType "swiss"]
[EventRounds "9"]
[EventCountry "GER"]
[SourceTitle "CBM 221 Extra"]
[Source "ChessBase"]
[SourceDate "2024.09.30"]
[SourceVersion "1"]
[SourceVersionDate "2024.09.30"]
[SourceQuality "1"]

1. d4 d5 2. Nf3 Nf6 3. g3 c6 4. Bg2 Bf5 5. c4 e6 6. Nc3 Nbd7 7. Qb3 Qb6 8. c5 Qxb3 9. axb3 a6 10. b4 Rc8 11. h3 h6 12. g4 Bh7 13. Bf4 Be7 14. Nd2 0-0 15. Nb3 Bd8 16. Bd6 Re8 17. f4 Be4 18. Bf3 Nf8 19. Kf2 Bxf3 20. exf3 Bc7 21. Bxc7 Rxc7 22. Nc1 Rce7 23. Nd3 N6d7 24. Rae1 f6 25. Re2 Kf7 26. Rhe1 g5 27. fxg5 hxg5 28. f4 gxf4 29. Nxf4 Ng6 30. Nxg6 Kxg6 31. h4 e5 32. h5+ Kh7 33. Kg3 Rg7 34. dxe5 Nxe5 35. Kh3 Reg8 36. Rg2 Nxg4 37. Re6 Rg5 38. Kh4 Kh6 0-1

[Event "Dortmund Sparkassen op-A 51st"]
[Site "Dortmund"]
[Date "2024.08.16"]
[Round "7"]
[White "Riemland, Arnold"]
[Black "Stork, Simon"]
[Result "1-0"]
[WhiteElo "2112"]
[BlackElo "2055"]
[PlyCount "115"]
[EventDate "2024.08.10"]
[EventType "swiss"]
[EventRounds "9"]
[EventCountry "GER"]
[SourceTitle "CBM 221 Extra"]
[Source "ChessBase"]
[SourceDate "2024.09.30"]
[SourceVersion "1"]
[SourceVersionDate "2024.09.30"]
[SourceQuality "1"]

1. d4 d5 2. Bf4 Nf6 3. e3 Bg4 4. Be2 Bxe2 5. Qxe2 c6 6. Nf3 e6 7. 0-0 Nbd7 8. Nbd2 Be7 9. h3 0-0 10. c3 Qb6 11. Rfb1 a5 12. a4 Qa6 13. Kf1 Rfc8 14. b3 h6 15. g4 c5 16. c4 cxd4 17. exd4 dxc4 18. bxc4 Bb4 19. Rc1 Qc6 20. Kg1 Nb6 21. Ne5 Qe8 22. Ne4 Nxe4 23. Qxe4 Ra7 24. c5 Nd5 25. Nc4 Qc6 26. Bd2 Rd8 27. Be3 Qc7 28. Ne5 Ra6 29. Rc2 Ne7 30. Rac1 Nc6 31. f4 Raa8 32. h4 Nxe5 33. fxe5 Qc6 34. Qf4 Qxa4 35. Rf2 Rd7 36. h5 Qb3 37. g5 hxg5 38. Qxg5 Qd3 39. Rg2 Qh7 40. Kh2 Kh8 41. Rcg1 Rg8 42. h6 Bc3 43. Qh4 f5 44. Rg6 f4 45. Qxf4 a4 46. R1g2 a3 47. Qg4 Ra8 48. Qxe6 a2 49. Qxd7 a1Q 50. Rxg7 Qab1 51. Rxh7+ Qxh7 52. Qxh7+ Kxh7 53. Rg7+ Kh8 54. Rxb7 Rd8 55. c6 Rc8 56. c7 Kh7 57. e6 Kg6 58. Bf4 1-0

[Event "Dortmund Sparkassen op-A 51st"]
[Site "Dortmund"]
[Date "2024.08.13"]
[Round "4"]
[White "Stork, Simon"]
[Black "Blomer, Moritz"]
[Result "1-0"]
[WhiteElo "2055"]
[BlackElo "1939"]
[PlyCount "79"]
[EventDate "2024.08.10"]
[EventType "swiss"]
[EventRounds "9"]
[EventCountry "GER"]
[SourceTitle "CBM 221 Extra"]
[Source "ChessBase"]
[SourceDate "2024.09.30"]
[SourceVersion "1"]
[SourceVersionDate "2024.09.30"]
[SourceQuality "1"]

1. d4 Nf6 2. c4 g6 3. Nc3 d5 4. cxd5 Nxd5 5. e4 Nxc3 6. bxc3 Bg7 7. Be3 c5 8. Qd2 Qa5 9. Rc1 0-0 10. Nf3 Nd7 11. Bd3 e5 12. d5 b5 13. c4 b4 14. 0-0 Qc7 15. Qc2 Nb6 16. Nd2 a5 17. f4 Bh6 18. g3 Bh3 19. Rf2 Nd7 20. Bf1 Bxf1 21. Nxf1 Bg7 22. f5 f6 23. h4 a4 24. Qe2 Rfb8 25. Qg4 Nf8 26. Qd1 Qd6 27. g4 b3 28. Rb1 Rb4 29. axb3 axb3 30. Qd3 Raa4 31. Nd2 b2 32. Qc3 Qb6 33. g5 fxg5 34. hxg5 gxf5 35. exf5 Nd7 36. f6 Qa6 37. fxg7 Ra3 38. Qc2 Rxe3 39. Qf5 Qg6 40. Qf8+ 1-0

[Event "Dortmund Sparkassen op-A 51st"]
[Site "Dortmund"]
[Date "2024.08.11"]
[Round "2"]
[White "Stork, Simon"]
[Black "Richters, Marc"]
[Result "0-1"]
[WhiteElo "2055"]
[BlackElo "1931"]
[PlyCount "136"]
[EventDate "2024.08.10"]
[EventType "swiss"]
[EventRounds "9"]
[EventCountry "GER"]
[SourceTitle "CBM 221 Extra"]
[Source "ChessBase"]
[SourceDate "2024.09.30"]
[SourceVersion "1"]
[SourceVersionDate "2024.09.30"]
[SourceQuality "1"]

1. d4 Nf6 2. c4 e6 3. Nf3 b6 4. g3 Bb7 5. Bg2 Be7 6. 0-0 0-0 7. Nc3 d5 8. Ne5 Nbd7 9. cxd5 exd5 10. Qa4 Nb8 11. Bf4 Nh5 12. Rfd1 Nxf4 13. gxf4 f6 14. Nd3 c6 15. b4 Na6 16. Qb3 Nc7 17. a4 Kh8 18. Rac1 Qd6 19. e3 Rfb8 20. Ne2 Ba6 21. Rb1 Bc4 22. Qc3 a5 23. bxa5 bxa5 24. Rxb8+ Rxb8 25. Qxa5 Ra8 26. Qd2 Rxa4 27. Nc3 Ra3 28. Nc5 Nb5 29. N3a4 Qb8 30. Bf1 Qa7 31. Bxc4 dxc4 32. Qc2 c3 33. Qe4 Rxa4 34. Qxc6 Qa8 35. Qxb5 c2 36. Rc1 Ra1 37. Nd3 Rxc1+ 38. Nxc1 Ba3 39. Qb3 Bxc1 40. Qxc2 Ba3 41. Qa2 Qf8 42. Qd5 Bd6 43. Kg2 f5 44. Qe6 g6 45. h3 Kg7 46. Qd5 Qe7 47. Kf1 Kf6 48. Kg1 h5 49. Qg8 Qf7 50. Qh8+ Ke7 51. Qa8 Qe6 52. Qb7+ Kf6 53. Qa8 Kg7 54. Qb7+ Qe7 55. Qd5 Kh7 56. Kf1 Qc7 57. Kg2 Bf8 58. Kf3 Qc1 59. Kg3 Qc2 60. Qf7+ Bg7 61. Qe6 Qc7 62. Qd5 Bf6 63. Kf3 Be7 64. Kg2 Qc2 65. Qe6 Bh4 66. Qd7+ Kh6 67. Qe8 Qxf2+ 68. Kh1 Qf3+ 0-1

[Event "Mittelfrank Regionalliga Sud-West 2223"]
[Site "Mittelfranken"]
[Date "2023.04.23"]
[Round "9.3"]
[White "Giss, Arthur"]
[Black "Stork, Simon"]
[Result "1-0"]
[WhiteElo "2039"]
[BlackElo "2069"]
[PlyCount "97"]
[EventDate "2022.10.09"]
[EventType "team-tourn"]
[EventRounds "9"]
[EventCountry "GER"]
[SourceTitle "EXT 2024"]
[Source "ChessBase"]
[SourceDate "2023.10.10"]
[SourceVersion "1"]
[SourceVersionDate "2023.10.10"]
[SourceQuality "1"]
[WhiteTeam "Dillingen"]
[BlackTeam "Augsburg Rochade"]
[WhiteTeamCountry "GER"]
[BlackTeamCountry "GER"]

1. e4 c5 2. Nc3 Nc6 3. d3 g6 4. g3 Bg7 5. Bg2 Nf6 6. f4 d6 7. Nf3 Rb8 8. 0-0 Nd4 9. h3 0-0 10. Be3 Nd7 11. Qd2 b5 12. Nd1 b4 13. f5 Nxf3+ 14. Rxf3 Ne5 15. Rf4 Bd7 16. Rh4 Bf6 17. Bg5 e6 18. Bxf6 Qxf6 19. Ne3 Bc6 20. Rf1 Qg5 21. f6 h5 22. Qf2 Rfd8 23. Kh2 Kf8 24. g4 Ke8 25. gxh5 gxh5 26. Qg3 Qh6 27. Nc4 Ng6 28. Nxd6+ Kf8 29. Nc4 Nxh4 30. Qxh4 Bb5 31. Ne5 c4 32. dxc4 Be8 33. Nd3 Rd4 34. b3 a5 35. Qg3 Rbd8 36. Qc7 Qg5 37. Rf3 R8d7 38. Rg3 Qxf6 39. Qc5+ Qe7 40. Qxh5 Qf6 41. Qxa5 e5 42. Qxb4+ Re7 43. Qd2 Bc6 44. Qe3 Qe6 45. Qg5 Ra7 46. Rg4 Qd6 47. Rh4 Qg6 48. Qxe5 Qd6 49. Rh8# 1-0

[Event "Mittelfrank Regionalliga Sud-West 2223"]
[Site "Mittelfranken"]
[Date "2022.11.27"]
[Round "3.4"]
[White "Wittke, Volker"]
[Black "Stork, Simon"]
[Result "0-1"]
[WhiteElo "2046"]
[BlackElo "2069"]
[PlyCount "100"]
[EventDate "2022.10.09"]
[EventType "team-tourn"]
[EventRounds "9"]
[EventCountry "GER"]
[SourceTitle "EXT 2024"]
[Source "ChessBase"]
[SourceDate "2023.10.10"]
[SourceVersion "1"]
[SourceVersionDate "2023.10.10"]
[SourceQuality "1"]
[WhiteTeam "Garching III"]
[BlackTeam "Augsburg Rochade"]
[WhiteTeamCountry "GER"]
[BlackTeamCountry "GER"]

1. e4 c5 2. Nf3 Nc6 3. b4 cxb4 4. d4 d5 5. exd5 Qxd5 6. c4 Qd6 7. Bb2 Nf6 8. d5 Nb8 9. Bd3 e6 10. dxe6 Qxe6+ 11. Be2 Bc5 12. 0-0 0-0 13. Bd3 h6 14. Nbd2 Nc6 15. Nb3 Be7 16. Qc2 Qg4 17. Rfe1 Bd8 18. Nc5 Qh5 19. Ne5 Ng4 20. Nxg4 Qxg4 21. Ne4 Bc7 22. Nf6+ gxf6 23. Bxf6 Rd8 24. Bxd8 Bxd8 25. Re8+ Kg7 26. Bh7 Qh5 27. Rg8+ Kf6 28. Re1 Be6 29. Qb2+ Ke7 30. h3 Rb8 31. a3 a5 32. axb4 axb4 33. Be4 Qe5 34. Re8+ Kf6 35. Qd2 Qg5 36. f4 Qg3 37. Bxc6 Bb6+ 38. Kh1 Rxe8 39. Bxe8 Bxh3 40. Rf1 Be6 41. Qb2+ Qc3 42. Qb1 Qxc4 43. Qe1 Qd4 44. Qh4+ Kg7 45. Bb5 Qf6 46. Qg3+ Qg6 47. Qh2 Bf5 48. Rf3 Kh7 49. Rg3 Qe6 50. Rf3 b3 0-1

[Event "Mittelfrank Regionalliga Sud-West 2223"]
[Site "Mittelfranken"]
[Date "2022.10.09"]
[Round "1.4"]
[White "Nissen, Jens"]
[Black "Stork, Simon"]
[Result "1/2-1/2"]
[WhiteElo "2034"]
[BlackElo "2069"]
[PlyCount "81"]
[EventDate "2022.10.09"]
[EventType "team-tourn"]
[EventRounds "9"]
[EventCountry "GER"]
[SourceTitle "EXT 2024"]
[Source "ChessBase"]
[SourceDate "2023.10.10"]
[SourceVersion "1"]
[SourceVersionDate "2023.10.10"]
[SourceQuality "1"]
[WhiteTeam "Sendling"]
[BlackTeam "Augsburg Rochade"]
[WhiteTeamCountry "GER"]
[BlackTeamCountry "GER"]

1. d4 d5 2. c4 c6 3. Nc3 Nf6 4. Nf3 dxc4 5. e4 b5 6. e5 Nd5 7. Ng5 f6 8. Nf3 Bg4 9. h3 Nxc3 10. bxc3 Bh5 11. a4 e6 12. exf6 gxf6 13. Bf4 Bd6 14. Bh6 Nd7 15. axb5 cxb5 16. Ra6 Nb6 17. Qb1 Qd7 18. Bg7 Qxg7 19. Qxb5+ Ke7 20. Qxh5 Qg6 21. Qxg6 hxg6 22. Nd2 Rhc8 23. g3 Rc7 24. Bg2 Rb8 25. 0-0 Nd5 26. Ne4 Rb6 27. Rfa1 Rxa6 28. Rxa6 Nb6 29. Kf1 f5 30. Nxd6 Kxd6 31. h4 e5 32. dxe5+ Kxe5 33. Ke2 Rd7 34. Bh1 Rd3 35. Rxa7 Rxc3 36. Ra6 Rb3 37. Kd2 Kd4 38. Kc2 Rc3+ 39. Kd2 Rb3 40. Kc2 Rc3+ 41. Kd2 1/2-1/2

[Event "Mittelfrank Regionalliga Sud-West 2122"]
[Site "Mittelfranken"]
[Date "2022.05.29"]
[Round "9.4"]
[White "Reif, Michael"]
[Black "Stork, Simon"]
[Result "1-0"]
[WhiteElo "2031"]
[BlackElo "2095"]
[PlyCount "57"]
[EventDate "2021.10.24"]
[EventType "team-tourn"]
[EventRounds "9"]
[EventCountry "GER"]
[SourceTitle "EXT 2024"]
[Source "ChessBase"]
[SourceDate "2023.10.10"]
[SourceVersion "1"]
[SourceVersionDate "2023.10.10"]
[SourceQuality "1"]
[WhiteTeam "Dillingen"]
[BlackTeam "Augsburg Rochade"]
[WhiteTeamCountry "GER"]
[BlackTeamCountry "GER"]

1. e4 c5 2. Nc3 Nc6 3. g3 d6 4. Bg2 g6 5. d3 Bg7 6. Nge2 Nf6 7. Bg5 h6 8. Be3 e5 9. h3 Nd4 10. Qd2 a6 11. g4 Qb6 12. Qc1 Bd7 13. Ng3 Bc6 14. f4 exf4 15. Bxf4 0-0-0 16. Be3 Nd7 17. 0-0 Rdf8 18. Nd5 Bxd5 19. exd5 Be5 20. c3 Bxg3 21. cxd4 f5 22. b4 Qxb4 23. Rb1 Qa4 24. dxc5 dxc5 25. Bxc5 Nxc5 26. Qxc5+ Kb8 27. Rxb7+ Kxb7 28. d6+ Kb8 29. Qc7# 1-0

[Event "Mittelfrank Regionalliga Sud-West 2122"]
[Site "Mittelfranken"]
[Date "2022.05.15"]
[Round "5.3"]
[White "Stork, Simon"]
[Black "Stadler, Andreas"]
[Result "1-0"]
[WhiteElo "2095"]
[BlackElo "2038"]
[PlyCount "81"]
[EventDate "2021.10.24"]
[EventType "team-tourn"]
[EventRounds "9"]
[EventCountry "GER"]
[SourceTitle "EXT 2024"]
[Source "ChessBase"]
[SourceDate "2023.10.10"]
[SourceVersion "1"]
[SourceVersionDate "2023.10.10"]
[SourceQuality "1"]
[WhiteTeam "Augsburg Rochade"]
[BlackTeam "Muenchen Suedost II"]
[WhiteTeamCountry "GER"]
[BlackTeamCountry "GER"]

1. e4 e6 2. d4 d5 3. Nc3 Be7 4. exd5 exd5 5. Bd3 Nf6 6. Nge2 0-0 7. Bf4 c6 8. Qd2 a5 9. 0-0 Na6 10. a3 Nc7 11. Ng3 Bd6 12. Nce2 b6 13. Rfe1 Ne6 14. Bxd6 Qxd6 15. Nf5 Qc7 16. Rac1 Ng4 17. Nfg3 Ba6 18. Bf5 Nh6 19. Bd3 Bxd3 20. Qxd3 Rae8 21. c3 Re7 22. h3 Rfe8 23. Red1 b5 24. b3 Nf4 25. Nxf4 Qxf4 26. a4 bxa4 27. bxa4 f6 28. Qa6 Qc7 29. c4 f5 30. cxd5 f4 31. Rxc6 Qb8 32. Nf1 Qb3 33. d6 Qxd1 34. dxe7 Qxd4 35. Rc8 Qd7 36. Qc4+ Nf7 37. Rxe8+ Qxe8 38. Qe6 g6 39. Nd2 Kg7 40. Ne4 Kh6 41. Nf6 1-0

[Event "Mittelfrank Regionalliga Sud-West 2122"]
[Site "Mittelfranken"]
[Date "2021.11.14"]
[Round "2.3"]
[White "Stork, Simon"]
[Black "Behling, Robert"]
[Result "0-1"]
[WhiteElo "2095"]
[BlackElo "2041"]
[PlyCount "180"]
[EventDate "2021.10.24"]
[EventType "team-tourn"]
[EventRounds "9"]
[EventCountry "GER"]
[SourceTitle "EXT 2024"]
[Source "ChessBase"]
[SourceDate "2023.10.10"]
[SourceVersion "1"]
[SourceVersionDate "2023.10.10"]
[SourceQuality "1"]
[WhiteTeam "Augsburg Rochade"]
[BlackTeam "Haunstetten II"]
[WhiteTeamCountry "GER"]
[BlackTeamCountry "GER"]

1. e4 c6 2. Nc3 d5 3. Nf3 Nf6 4. e5 Ne4 5. Ne2 Qb6 6. d4 e6 7. Nd2 Nxd2 8. Qxd2 c5 9. c3 Nc6 10. f4 cxd4 11. Nxd4 Nxd4 12. Qxd4 Bc5 13. Qa4+ Bd7 14. Qb3 Qxb3 15. axb3 f6 16. exf6 gxf6 17. Be2 0-0-0 18. Bf3 Bc6 19. Ke2 Bb5+ 20. Kd2 e5 21. fxe5 fxe5 22. Kc2 Rhg8 23. c4 dxc4 24. bxc4 Bxc4 25. Re1 Bd3+ 26. Kb3 Bd4 27. Be3 Rg6 28. Bxd4 exd4 29. Rxa7 Rb6+ 30. Ka3 Kb8 31. Ra5 Bc2 32. Re2 d3 33. Rd2 Rb3+ 34. Ka2 Rd4 35. Ra3 Rb6 36. Bd1 Rdb4 37. b3 Rc6 38. Ra5 Rc3 39. Ra3 Bxd1 40. Rxd1 Rc2+ 41. Kb1 Rxg2 42. Rxd3 Rf4 43. Rd1 Rxh2 44. Ra2 Rh3 45. Rb2 Rb4 46. Ka2 h5 47. Rd7 Rb6 48. b4 Ra6+ 49. Kb1 Rh1+ 50. Kc2 Rh2+ 51. Rd2 Rxd2+ 52. Kxd2 Rh6 53. Kc3 h4 54. Rh2 h3 55. Kb3 Kc7 56. Ka4 Kb6 57. Ka3 Kb5 58. Kb3 Rh7 59. Kc3 Rh4 60. Kb3 b6 61. Ka3 Rh7 62. Kb3 Rh6 63. Kc3 Rh4 64. Kb3 Rxb4+ 65. Kc3 Rh4 66. Kb3 Rh6 67. Kc3 Kc5 68. Kd3 Kb4 69. Rb2+ Ka3 70. Rh2 b5 71. Kc2 Rh4 72. Kb1 Kb3 73. Kc1 Kc3 74. Kd1 Kd3 75. Ke1 Ke3 76. Kf1 Kf3 77. Kg1 Kg3 78. Rb2 Rh5 79. Rb3+ Kf4 80. Kh2 Ke4 81. Rb4+ Kd3 82. Rb3+ Kc4 83. Rf3 b4 84. Rf4+ Kc3 85. Rf3+ Kb2 86. Rf2+ Ka3 87. Rf3+ b3 88. Rf8 b2 89. Ra8+ Kb4 90. Rb8+ Rb5 0-1

[Event "Regionalliga Sued-West 1718"]
[Site "Bayern"]
[Date "2017.11.26"]
[Round "3.6"]
[White "Stork, Simon"]
[Black "Rebitzer, Winfried"]
[Result "1/2-1/2"]
[WhiteElo "2107"]
[BlackElo "1938"]
[PlyCount "75"]
[EventDate "2017.10.22"]
[EventType "team-tourn"]
[EventRounds "9"]
[EventCountry "GER"]
[SourceTitle "EXT 2022"]
[Source "ChessBase"]
[SourceDate "2021.10.06"]
[SourceVersion "1"]
[SourceVersionDate "2021.10.06"]
[SourceQuality "1"]
[WhiteTeam "Garching III"]
[BlackTeam "Mering"]
[WhiteTeamCountry "GER"]
[BlackTeamCountry "GER"]

1. Nf3 c5 2. c4 Nf6 3. Nc3 Nc6 4. g3 g6 5. Bg2 d6 6. d4 cxd4 7. Nxd4 Bd7 8. 0-0 Bg7 9. Nc2 0-0 10. b3 Qa5 11. Bd2 Qh5 12. Ne3 Bh6 13. Ncd5 Nxd5 14. Nxd5 Bg7 15. Bc3 Bxc3 16. Nxc3 Bh3 17. e3 Qxd1 18. Rfxd1 Bxg2 19. Kxg2 Rfd8 20. f4 f5 21. Rd2 Kf7 22. e4 fxe4 23. Nxe4 h6 24. Re1 b6 25. h4 Rg8 26. Nc3 Rad8 27. Nd5 Rgf8 28. b4 Rd7 29. Rde2 Re8 30. a3 e6 31. Nc3 Rde7 32. Rd2 Rd8 33. h5 gxh5 34. Rh1 Kg6 35. Rhd1 Red7 36. Kf3 e5 37. Ne4 Nd4+ 38. Ke3 1/2-1/2

[Event "Regionalliga SW 1617"]
[Site "Bayern"]
[Date "2016.12.04"]
[Round "3.7"]
[White "Stork, Simon"]
[Black "Huber, Benedikt"]
[Result "1/2-1/2"]
[WhiteElo "2046"]
[BlackElo "1941"]
[PlyCount "52"]
[EventDate "2016.10.16"]
[EventType "team-tourn"]
[EventRounds "9"]
[EventCountry "GER"]
[SourceTitle "EXT 2019"]
[Source "ChessBase"]
[SourceDate "2018.10.10"]
[SourceVersion "1"]
[SourceVersionDate "2018.10.10"]
[SourceQuality "1"]
[WhiteTeam "Garching III"]
[BlackTeam "Muenchen Suedost II"]
[WhiteTeamCountry "GER"]
[BlackTeamCountry "GER"]

1. Nf3 Nf6 2. c4 g6 3. Nc3 Bg7 4. e4 d6 5. d4 0-0 6. h3 e5 7. dxe5 dxe5 8. Qxd8 Rxd8 9. Bg5 Re8 10. Nd5 Nxd5 11. cxd5 f5 12. Nd2 c6 13. Bc4 Kh8 14. Rc1 b5 15. Bd3 Bb7 16. dxc6 Bxc6 17. f3 f4 18. Ke2 a6 19. Rc2 Ra7 20. Rhc1 h6 21. Bh4 Re6 22. Nb3 Rd6 23. Na5 Rad7 24. Nxc6 Nxc6 25. Rxc6 Rxd3 26. Be1 R7d6 1/2-1/2

[Event "Ulm/Neu Ulm-ch"]
[Site "Ulm/Neu Ulm"]
[Date "2008.11.14"]
[Round "5"]
[White "Stork, Simon"]
[Black "Von Koschitzky, Ignacio Simo"]
[Result "0-1"]
[WhiteElo "1439"]
[BlackElo "1087"]
[PlyCount "86"]
[EventDate "2008.09.19"]
[EventType "swiss"]
[EventRounds "7"]
[EventCountry "GER"]
[SourceTitle "EXT 2011"]
[Source "ChessBase"]
[SourceDate "2010.11.26"]
[SourceVersion "1"]
[SourceVersionDate "2010.11.26"]
[SourceQuality "1"]

1. e4 c5 2. Nf3 Nc6 3. d4 cxd4 4. Nxd4 e5 5. Nb3 Nf6 6. Bd3 Nb4 7. 0-0 Nxd3 8. Qxd3 b6 9. Nc3 a5 10. Bg5 Be7 11. Rad1 0-0 12. Qe3 d6 13. Nd2 Ng4 14. Bxe7 Nxe3 15. Bxd8 Nxf1 16. Bxb6 Nxd2 17. Rxd2 f5 18. Rxd6 Ra6 19. Bc5 Rxd6 20. Bxd6 Rd8 21. Bxe5 fxe4 22. Bf4 Ba6 23. g3 Kf7 24. Nxe4 Rd1+ 25. Kg2 Bb7 26. f3 Bxe4 27. fxe4 Ra1 28. a3 Rb1 29. Be5 Rc1 30. Kf3 Rxc2 31. h4 a4 32. Ke3 Rc1 33. Kd4 g6 34. Kd5 Rd1+ 35. Bd4 Rd3 36. g4 Rg3 37. g5 Rh3 38. e5 Rxh4 39. e6+ Ke8 40. Bf6 h5 41. gxh6 Rxh6 42. Ke5 Rh5+ 43. Kf4 Rf5+ 0-1

[Event "Ulm/Neu Ulm-ch"]
[Site "Ulm/Neu Ulm"]
[Date "2008.10.17"]
[Round "3"]
[White "Kuehn, Bernd"]
[Black "Stork, Simon"]
[Result "1-0"]
[WhiteElo "1618"]
[BlackElo "1439"]
[PlyCount "81"]
[EventDate "2008.09.19"]
[EventType "swiss"]
[EventRounds "7"]
[EventCountry "GER"]
[SourceTitle "EXT 2011"]
[Source "ChessBase"]
[SourceDate "2010.11.26"]
[SourceVersion "1"]
[SourceVersionDate "2010.11.26"]
[SourceQuality "1"]

1. Nf3 Nf6 2. g3 d5 3. Bg2 c5 4. 0-0 Nc6 5. d3 e5 6. Nbd2 Be7 7. e4 d4 8. Nc4 Qc7 9. a4 Be6 10. Nfd2 0-0 11. f4 Ng4 12. f5 Bxc4 13. Qxg4 Ba6 14. f6 Bxf6 15. Rxf6 Nb4 16. Nc4 Kh8 17. Rf2 Bxc4 18. dxc4 Rad8 19. Bf1 Rd6 20. Bd3 Rfd8 21. Bd2 Nc6 22. Raf1 f6 23. Qh3 Qb6 24. b3 Ne7 25. a5 Qc6 26. b4 cxb4 27. Bxb4 R6d7 28. Bxe7 Rxe7 29. Rf5 Qa4 30. Qh4 Qxa5 31. Rh5 h6 32. Rhf5 Qb6 33. g4 Rdd7 34. g5 fxg5 35. Rxg5 Kg8 36. Rgf5 Rf7 37. Rxe5 Rxf1+ 38. Kxf1 Qb1+ 39. Ke2 Rf7 40. Rf5 Qc1 41. Qd8+ 1-0

[Event "Ulm/Neu Ulm-ch"]
[Site "Ulm/Neu Ulm"]
[Date "2007.11.02"]
[Round "4"]
[White "Stork, Simon"]
[Black "Andritzke, Karl Heinz"]
[Result "0-1"]
[WhiteElo "1128"]
[BlackElo "1405"]
[PlyCount "74"]
[EventDate "2007.09.21"]
[EventType "swiss"]
[EventRounds "7"]
[EventCountry "GER"]
[SourceTitle "EXT 2011"]
[Source "ChessBase"]
[SourceDate "2010.11.26"]
[SourceVersion "1"]
[SourceVersionDate "2010.11.26"]
[SourceQuality "1"]

1. e4 d5 2. exd5 Qxd5 3. Nc3 Qd6 4. Nf3 Nf6 5. Be2 c6 6. 0-0 Bg4 7. h3 Bxf3 8. Bxf3 e6 9. d3 Be7 10. Ne4 Qd8 11. Bf4 Nd5 12. c3 Nxf4 13. d4 Nd7 14. Qc2 Nf6 15. b4 N6d5 16. a3 0-0 17. Qd2 f5 18. Ng3 Bg5 19. Qe1 Qf6 20. Rd1 Rad8 21. Ne2 Qg6 22. g3 Nxe2+ 23. Bxe2 f4 24. g4 f3 25. Bd3 Qh6 26. Qe5 Qxh3 27. Qg3 Qxg3+ 28. fxg3 Ne3 29. Kf2 Nxg4+ 30. Ke1 Ne3 31. Kf2 Nxd1+ 32. Rxd1 Rf6 33. Rh1 Rh6 34. Rxh6 Bxh6 35. Kxf3 Rf8+ 36. Ke4 Kf7 37. Ke5 g6 0-1